[Event "18th Aeroflot Open-A 2020"]
[Site "Moscow"]
[Date "2020.02.26"]
[Round "8.1"]
[White "Adhiban, B.."]
[Black "Mamedov, Rauf"]
[Result "1/2-1/2"]
[WhiteElo "2654"]
[BlackElo "2643"]
[Annotator "TA"]
[PlyCount "147"]
[EventDate "2020.02.19"]
[EventType "swiss"]
[EventCountry "RUS"]
[SourceTitle "playchess.com"]
[Source "ChessBase"]
[SourceQuality "1"]

{[%evp 13,147,19,14,16,18,17,31,22,36,36,31,19,39,22,20,12,17,4,8,10,11,4,8,0,14,14,14,14,25,15,8,2,16,10,8,0,16,0,0,0,11,10,16,19,12,11,14,0,10,17,16,0,0,0,35,34,39,0,36,36,39,39,41,35,42,0,25,25,25,29,70,56,57,8,8,0,0,0,0,0,0,0,0,0,0,0,0,0,0,0,0,0,0,0,0,0,0,0,0,0,0,0,0,0,0,0,0,0,0,0,0,0,0,0,0,0,0,0,0,0,0,0,0,0,0,0,0,0,0,0,0,0,0,0,0,0]} 1. d4 d5 2. c4 c6 3. Nc3 Nf6 4. cxd5 cxd5 5. Bf4 Nc6 6. e3 Bf5 7. Qb3 Na5 $1 {[%cal Ra5b3]} 8. Qa4+ {D10: Slav Defence: 3 cxd5 (without early Nf3) and 3 Nc3.} Bd7 9. Qc2 e6 10. Nf3 {[#] White is slightly better.} Ne4 $146 ({Predecessor:} 10... Nc6 11. a3 Nh5 12. Bg5 f6 13. h4 Qc7 14. g4 fxg5 15. gxh5 gxh4 16. Rg1 {½-½ (16) Dubov,D (2676)-Duda,J (2748) Hamburg 2019}) 11. Bd3 f5 12. O-O Rc8 13. Ne5 {[%cal Rd3e4]} Bb4 14. Qe2 O-O 15. Nxe4 fxe4 16. Bb5 Bxb5 17. Qxb5 Bd6 18. Rac1 a6 19. Qd7 Qxd7 20. Nxd7 Rxc1 $1 21. Rxc1 Rd8 $132 {[%mdl 2048] Black puts up resistance} 22. Bxd6 Rxd7 $11 {[%mdl 4096] Endgame KRB-KRN} 23. Rc8+ Kf7 24. Bc5 Nc6 25. f3 exf3 26. gxf3 Ne7 (26... e5 {is interesting.} 27. dxe5 Nxe5 28. Kf1 Nc6 29. Ke2 d4) 27. Bxe7 Kxe7 {KR-KR} 28. Kf2 Rd8 29. Rc1 Kd7 30. Kg3 Rf8 31. h4 Rf5 32. f4 Rf6 33. Kf3 Rf5 34. Rg1 g6 35. Rg5 Ke7 36. Rg2 Rf8 37. Rc2 Kd7 38. Kg4 a5 39. a4 h6 40. b3 b6 41. Rg2 Rf5 42. Kh3 Rf6 43. h5 gxh5 {The position is equal.} 44. Kh4 Rf8 45. Rg7+ Kd6 46. Rb7 Kc6 47. Rh7 Rg8 48. Rxh6 {[%mdl 64] [#] Double Attack} Kd7 $1 49. Rxh5 Rg1 50. Rh7+ Kd6 {White must now prevent ...Rh1+.} 51. Rh6 {Threatens to win with f5.} Ke7 52. Rh7+ Kd6 53. Rh5 (53. Rb7 {seems wilder.} Kc6 54. Rf7 Re1 55. Rf6 Kd7 56. Rf7+) 53... Ke7 54. Re5 {[#] And now f5 would win.} Kd6 55. Kh5 Rg3 56. Kh6 Rg1 57. Rg5 Re1 58. Re5 Rg1 59. Rg5 Re1 60. Rg3 Ke7 61. Kg6 Rf1 62. Rg5 Rf3 63. Re5 {f5 is the strong threat.} Rg3+ $1 64. Kh5 Kd6 65. Kh4 Rg1 66. e4 dxe4 67. Rxe4 Rg2 68. Kh5 Rg3 69. Re5 Rxb3 {Strongly threatening ...Rb4.} 70. Kg5 Rf3 71. Rb5 Kc6 72. Re5 Kd6 73. Rb5 Kc6 74. Re5 {Accuracy: White = 95%, Black = 93%.} 1/2-1/2

[Event "18th Aeroflot Open-A 2020"]
[Site "Moscow"]
[Date "2020.02.26"]
[Round "8.2"]
[White "Sjugirov, Sanan"]
[Black "Paravyan, David"]
[Result "1/2-1/2"]
[WhiteElo "2674"]
[BlackElo "2629"]
[Annotator "TA"]
[PlyCount "74"]
[EventDate "2020.02.19"]
[EventType "swiss"]
[EventCountry "RUS"]
[SourceTitle "playchess.com"]
[Source "ChessBase"]
[SourceQuality "1"]

{[%evp 12,74,17,1,0,6,28,28,39,26,28,35,37,29,55,31,39,11,25,9,49,40,106,93,131,119,119,114,109,128,115,116,104,95,98,84,100,102,108,108,95,66,78,78,75,82,93,90,86,83,75,82,69,83,103,3,109,0,0,0,0,0,0,0,0]} 1. e4 e5 2. Nf3 Nc6 3. Bb5 Nf6 4. d3 Bc5 5. c3 O-O 6. O-O d6 7. Bg5 h6 {C65: Ruy Lopez: Berlin Defence (3...Nf6), unusual lines and 4 0-0 Bc5.} 8. Bh4 Bb6 9. Nbd2 g5 {White has an edge.} 10. Bg3 Nh5 11. Nc4 Ne7 12. d4 Nxg3 13. hxg3 c6 14. Ba4 {[#]} exd4 $146 ({Predecessor:} 14... Be6 15. Ne3 exd4 16. Nxd4 Bxd4 17. Qxd4 f5 18. Rad1 fxe4 19. Qxe4 Qd7 20. Bc2 Rf7 {1-0 (36) Smirin,I (2660)-Zanan,E (2257) Beersheba 2014}) 15. cxd4 Ng6 16. Bb3 g4 {[#]} (16... Be6 $14) 17. Nh2 $1 $16 Kh7 18. Nxb6 Qxb6 19. Nxg4 Bxg4 20. Qxg4 Qxd4 21. Rad1 Qb4 22. Qf5 Kg7 23. Rfe1 a5 24. e5 dxe5 25. Rxe5 {Threatens to win with Rd7!} a4 26. Re4 (26. Rd7 {seems wilder.} Nxe5 27. Qxe5+ Kg8 28. Rd4 Qxd4 29. Bxf7+ Rxf7 30. Qxd4 a3 31. b4) 26... Qb5 27. Qxb5 cxb5 28. Bd5 Rfd8 29. Red4 Rac8 30. Bxb7 Rxd4 31. Rxd4 {[%mdl 4096] Endgame KRB-KRN} Rc1+ 32. Kh2 Ne5 {[#]} 33. a3 (33. f3 $1 $16) 33... h5 (33... Rc2 $11) 34. Bf3 (34. f3 $16) 34... Nxf3+ $11 {The position is equal.} 35. gxf3 Rc2 36. Rb4 Rxf2+ 37. Kh3 Rxf3 {Accuracy: White = 82%, Black = 74%.} 1/2-1/2

[Event "18th Aeroflot Open-A 2020"]
[Site "Moscow"]
[Date "2020.02.26"]
[Round "8.3"]
[White "Jumabayev, Rinat"]
[Black "Yilmaz, Mustafa"]
[Result "1/2-1/2"]
[WhiteElo "2646"]
[BlackElo "2607"]
[Annotator "TA"]
[PlyCount "100"]
[EventDate "2020.02.19"]
[EventType "swiss"]
[EventCountry "RUS"]
[SourceTitle "playchess.com"]
[Source "ChessBase"]
[SourceQuality "1"]

{[%evp 22,100,2,2,10,0,22,0,0,0,0,0,0,-3,-4,-4,0,6,12,-4,0,-10,7,-16,-13,-18,20,0,10,-30,0,-25,-14,-16,0,-13,41,36,92,81,91,86,91,88,117,125,100,119,110,74,62,68,74,77,61,68,70,50,42,55,57,22,87,72,81,52,48,30,11,0,32,0,0,-18,14,-46,0,-42,12,-66,0]} 1. c4 e6 2. Nc3 d5 3. d4 Nf6 4. cxd5 exd5 5. Bg5 c6 6. e3 Be7 7. Bd3 Nbd7 8. Nge2 O-O 9. Qc2 Re8 10. O-O Nf8 11. f3 g6 12. Bh4 Ne6 {D36: Queen's Gambit Declined: Exchange Variation: Main line (5 Bg5 c6 6 Qc2).} 13. a4 {[#] 13.Kh1 gains popularity.} Nh5 $146 ({Predecessor:} 13... Bd7 14. Qd2 Ng7 15. Bf2 Bb4 16. Bh4 Be7 17. Bc2 Bf5 18. Bb3 Qb6 19. Ba2 Qd8 20. Rae1 {½-½ (48) Bucsa,I (2279)-Lundberg,C (2289) ICCF email 2017}) 14. Bf2 a5 {The position is equal.} 15. Rad1 Nc7 16. e4 Na6 17. Qd2 Nb4 18. Bb1 Be6 19. Be3 Qd7 20. Nc1 Rad8 21. Qf2 Ng7 22. N1e2 f6 23. h3 Bf7 24. g4 b6 25. Ng3 Qc8 26. Kh2 Qb8 27. Kh1 c5 28. exd5 c4 (28... f5 $11 29. Nge2 (29. dxc5 f4 $17 {[%mdl 64] Double Attack}) (29. gxf5 Bh4 $15) 29... Nxd5) 29. Nge4 Nxd5 (29... Bxd5 $14 30. Nxd5 Nxd5) 30. Nxd5 $16 Rxd5 {[#]} 31. Nc3 $1 Rd7 32. d5 Rc8 33. d6 ({Resist} 33. Bxb6 Rb7 $14) 33... Bxd6 34. Ne4 Ne8 35. Bf4 Bxf4 36. Rxd7 b5 37. axb5 Qxb5 38. Rfd1 Rb8 39. Rd8 {[#] Hoping for Nxf6+.} Be5 40. Rxb8 Qxb8 41. Nc3 Nc7 (41... Qb3 $11 42. Ba2 Qb7) 42. Ba2 Qb7 43. Qe2 Kg7 44. Rd2 Ne6 45. Qe4 Qa7 {Threatens to win with ...Ng5.} 46. h4 Nf4 47. Nd1 Qc7 48. Nc3 (48. Ne3 $11) 48... Qa7 {[%mdl 1024] Black has compensation.} 49. Nd1 Qc7 (49... Qe7 $15) 50. Nc3 ({White should play} 50. Ne3 $11) 50... Qa7 {Accuracy: White = 86%, Black = 70%.} (50... h5 $15 51. g5 f5) 1/2-1/2

[Event "18th Aeroflot Open-A 2020"]
[Site "Moscow"]
[Date "2020.02.26"]
[Round "8.4"]
[White "Petrosyan, Manuel"]
[Black "Aravindh, Chithambaram VR."]
[Result "1/2-1/2"]
[WhiteElo "2590"]
[BlackElo "2630"]
[Annotator "TA"]
[PlyCount "74"]
[EventDate "2020.02.19"]
[EventType "swiss"]
[EventCountry "RUS"]
[SourceTitle "playchess.com"]
[Source "ChessBase"]
[SourceQuality "1"]

{[%evp 17,74,26,27,10,18,10,12,7,27,0,0,0,0,0,0,-2,0,-6,0,0,0,-12,2,0,0,2,1,0,0,-3,-1,-6,0,0,0,-8,0,-12,-7,-13,-6,-10,-1,-4,0,-2,0,-52,0,0,0,0,0,-1,0,0,24,8,16]} 1. d4 d5 2. c4 dxc4 3. e3 Nf6 4. Bxc4 e6 5. Nf3 c5 6. O-O Nc6 7. Nc3 a6 8. dxc5 Qxd1 9. Rxd1 Bxc5 10. Nd2 {10.a3 is not played anymore. D27: Queen's Gambit Accepted: Classical main line: 7 e4!? and 7 a4.} O-O 11. Nb3 Ba7 12. Be2 Ne5 {[#]} 13. Na5 $146 ({Predecessor:} 13. Bd2 Bd7 14. Na5 Rab8 15. Rac1 Rfd8 16. Be1 Bb6 17. b4 Be8 18. Rxd8 Bxd8 19. f3 {1-0 (38) Vitiugov,N (2720)-Rublevsky,S (2678) Olginka 2011}) 13... b6 14. Nc4 Nxc4 15. Bxc4 Bb7 16. a4 Rfd8 17. Bd2 Rac8 18. Be2 Bb8 19. Be1 g5 20. f3 Be5 21. Rxd8+ Rxd8 22. Rd1 Rxd1 23. Bxd1 Kf8 24. h3 h6 25. Kf1 Nd7 26. Ke2 Ke7 27. Kd2 f5 28. Kc2 Bd6 29. Be2 Nf6 30. Bd2 Bc5 31. Bd3 Nd7 32. b4 (32. e4 $11) 32... Bd6 (32... Bxb4 $15 33. Nd5+ exd5 34. Bxb4+ Ke6) 33. e4 $11 Kf6 34. exf5 exf5 35. Ne2 h5 36. Bc3+ Be5 37. Be1 Bc6 {An uneventful encounter. Accuracy: White = 92%, Black = 95%.} 1/2-1/2

[Event "18th Aeroflot Open-A 2020"]
[Site "Moscow"]
[Date "2020.02.26"]
[Round "8.5"]
[White "Maghsoodloo, Parham"]
[Black "Suleymanli, Aydin"]
[Result "0-1"]
[WhiteElo "2674"]
[BlackElo "2474"]
[Annotator "TA"]
[PlyCount "54"]
[EventDate "2020.02.19"]
[EventType "swiss"]
[EventCountry "RUS"]
[SourceTitle "playchess.com"]
[Source "ChessBase"]
[SourceQuality "1"]

{[%evp 15,54,0,0,0,10,-2,-3,-2,21,20,22,-33,-39,-26,-29,-62,-54,-66,-60,-65,-53,-62,0,0,0,0,0,-122,-120,-239,-222,-318,-330,-455,-455,-793,-767,-785,-775,-1091,-1042]} 1. c4 e6 2. Nc3 d5 3. d4 Be7 4. cxd5 exd5 5. Bf4 Nf6 6. e3 Bf5 7. Qb3 Nc6 8. Qxb7 Nb4 {aiming for ...Nc2+.} 9. Rc1 {And now a3 would win. D35: Queen's Gambit Declined: Exchange Variation.} (9. Bxc7 Qc8 $17) 9... O-O 10. Qxc7 Qxc7 11. Bxc7 {The position is equal.} Rfc8 (11... Rac8 $5 {[%cal Rc8c7]} 12. Bf4 Ne4 $11) 12. Bf4 Ne4 {[#]} 13. f3 $146 (13. a3 $11 Nxc3 14. bxc3 Nd3+ 15. Bxd3 Bxd3 16. Kd2) ({Predecessor:} 13. g4 Bxg4 14. f3 Bh4+ 15. Bg3 Nxg3 16. hxg3 Bxg3+ 17. Kd2 Bf5 18. a3 Nc6 19. Nxd5 {1-0 (35) Osmak,I (2355)-Buksa,N (2385) Zhitomir 2017}) 13... Nxc3 $15 14. bxc3 {e4 is the strong threat.} ({But not} 14. Rxc3 Nxa2 15. Rc7 Rxc7 $17) 14... g5 15. Bg3 a5 $1 ({Don't play} 15... Nxa2 $6 16. Ra1 $14) 16. a4 $1 Na2 17. Ra1 Nxc3 18. Ne2 Bb4 (18... Nxe2 $15 19. Bxe2 Rc2) 19. Kf2 $11 Bc2 $36 {[%mdl 2048] Strongly threatening ...Nd1+. White is under pressure.} 20. Nxc3 Bxc3 21. Ra2 (21. Ra3 $11) 21... Bb1 $17 22. Re2 {[#]} (22. Ra3 $17 {was the only defense.} Bb4 23. Be2) 22... Rc4 $1 $19 23. Rc2 {[#]} (23. Be5 $142) 23... Be1+ $1 {[%mdl 512]} 24. Kxe1 Rxc2 {Black is clearly winning.} 25. h4 (25. Be2 $142 Ra2 26. h4) 25... Rac8 26. Bd6 R8c3 27. hxg5 Rb2 {Accuracy: White = 33%, Black = 94%.} 0-1

[Event "18th Aeroflot Open-A 2020"]
[Site "Moscow"]
[Date "2020.02.26"]
[Round "8.6"]
[White "Svane, Rasmus"]
[Black "Sarana, Alexey"]
[Result "1/2-1/2"]
[WhiteElo "2608"]
[BlackElo "2656"]
[Annotator "TA"]
[PlyCount "33"]
[EventDate "2020.02.19"]
[EventType "swiss"]
[EventCountry "RUS"]
[SourceTitle "playchess.com"]
[Source "ChessBase"]
[SourceQuality "1"]

{[%evp 10,33,22,18,29,14,26,13,2,0,24,19,33,34,39,34,30,31,41,25,31,31,36,32,30,17]} 1. Nf3 d5 2. g3 g6 3. Bg2 Bg7 4. d4 Nf6 5. O-O c6 6. c4 dxc4 {D73: Fianchetto Grünfeld: 5 Nf3 .} 7. a4 Ne4 8. Qc2 Nd6 {The position is equal.} 9. e4 a5 10. Na3 Na6 11. Qe2 {[%mdl 1024] White has compensation.} Bg4 12. Rd1 $1 Nb4 {[#]} 13. Bd2 $146 ({Predecessor:} 13. h3 Bxf3 14. Bxf3 O-O 15. Nxc4 Nxc4 16. Qxc4 e6 17. Be3 Qe7 18. Rd2 Rfd8 19. Rad1 Rd7 20. b3 h5 {½-½ (20) Diermair,A (2507)-Bartel,M (2609) Batumi 2018}) 13... O-O 14. Bc3 Qc7 15. h3 Bxf3 16. Bxf3 e6 17. Nxc4 {Accuracy: White = 100%, Black = 100%.} 1/2-1/2

[Event "18th Aeroflot Open-A 2020"]
[Site "Moscow"]
[Date "2020.02.26"]
[Round "8.7"]
[White "Aleksandrov, Aleksej"]
[Black "Rakhmanov, Aleksandr"]
[Result "1/2-1/2"]
[WhiteElo "2592"]
[BlackElo "2645"]
[Annotator "TA"]
[PlyCount "65"]
[EventDate "2020.02.19"]
[EventType "swiss"]
[EventCountry "RUS"]
[SourceTitle "playchess.com"]
[Source "ChessBase"]
[SourceQuality "1"]

{[%evp 21,65,20,26,23,22,18,22,21,17,22,19,17,17,14,18,0,0,0,0,-7,-7,-6,16,11,48,25,26,14,12,0,0,0,0,0,20,16,18,0,0,0,0,0,6,0,0,0]} 1. d4 d5 2. c4 e6 3. Nf3 Nf6 4. e3 a6 5. a3 dxc4 6. Bxc4 c5 7. O-O Nc6 8. dxc5 Qxd1 9. Rxd1 Bxc5 10. b4 Be7 {10...Ba7 is not played anymore.} 11. Bb2 O-O 12. Nbd2 {D27: Queen's Gambit Accepted: Classical main line: 7 e4!? and 7 a4.} Rd8 13. Nb3 Bd7 14. Be2 Nd5 15. Rac1 {[#]} Be8 $146 ({Predecessor:} 15... Rac8 16. Nc5 Bxc5 17. Rxc5 f6 18. Nd2 Na7 19. Rxc8 Rxc8 20. Ne4 Rc2 {½-½ (32) Ulbig,S (2300)-Dothan,Y (2582) ICCF email 2015}) 16. Nc5 Bxc5 17. Rxc5 Na7 18. g3 Bb5 19. Bxb5 Nxb5 20. Ra1 Rac8 21. Rac1 Rxc5 22. bxc5 Ne7 23. a4 Na7 24. Rb1 Nac6 {The position is equal.} 25. Bc3 Rd3 26. Be1 Rd7 27. Kf1 Ng6 28. Bc3 Rc7 29. Nd2 Nf8 30. Nb3 Nd7 31. Ke2 f6 32. e4 Kf7 33. Bd2 {Accuracy: White = 100%, Black = 95%.} 1/2-1/2

[Event "18th Aeroflot Open-A 2020"]
[Site "Moscow"]
[Date "2020.02.26"]
[Round "8.8"]
[White "Antipov, Mikhail Al."]
[Black "Deac, Bogdan-Daniel"]
[Result "1/2-1/2"]
[WhiteElo "2562"]
[BlackElo "2626"]
[Annotator "TA"]
[PlyCount "91"]
[EventDate "2020.02.19"]
[EventType "swiss"]
[EventCountry "RUS"]
[SourceTitle "playchess.com"]
[Source "ChessBase"]
[SourceQuality "1"]

{[%evp 10,91,12,16,10,8,12,0,14,10,23,5,8,7,8,17,15,0,1,11,11,3,18,18,11,0,6,9,12,2,45,29,78,86,118,79,81,80,72,75,72,64,70,25,28,30,30,20,28,28,25,25,15,19,33,33,33,33,33,29,35,35,45,37,35,43,36,41,39,14,14,14,14,14,14,15,15,0,0,0,8,0,0,0]} 1. e4 e5 2. Nf3 Nc6 3. Bc4 Nf6 4. d3 Bc5 5. c3 d6 6. Nbd2 a5 {C54: Giuoco Piano: 4 c3 Nf6, main lines with 5 d4 and 5 d3.} 7. O-O O-O 8. h3 h6 9. Re1 a4 10. Nf1 Ra5 11. Bd2 b5 12. Bd5 Ne7 {[#]} 13. d4 $146 ({Predecessor:} 13. b4 axb3 14. Bxb3 Ng6 15. d4 Bb6 16. Ng3 c5 17. Qc1 Ra7 18. Bxh6 gxh6 19. Qxh6 {½-½ (32) Eastlake,P (2133)-Cornelisse,J (2249) ICCF email 2017}) 13... exd4 14. b4 $1 {[%cal Rb4a5]} ({Of course not} 14. cxd4 Bb6 $17) 14... axb3 $1 15. cxd4 b2 16. Bxa5 {aiming for Rb1.} bxa1=Q 17. Qxa1 Nfxd5 18. dxc5 Nf4 19. Rd1 $36 {[%mdl 2048] Threatens to win with cxd6. White is more active.} d5 (19... Bxh3 $5 20. cxd6 (20. gxh3 Qc8 $11) 20... Nc6 21. Bxc7 (21. gxh3 Nxa5 22. d7 Nxh3+ 23. Kg2 Nf4+ 24. Kh2 Nc4 $17) 21... Qd7 $16) 20. Ne3 Bb7 21. Qe5 {[%mdl 64] [#] Double Attack} Neg6 22. Qxc7 Qxc7 23. Bxc7 Ne2+ 24. Kf1 dxe4 {[#]} 25. Ne5 $1 {[%cal Re5g6]} Nc3 26. Nxg6 (26. Rd7 $5 {[%cal Re5g6]} Bc8 27. Rd2 $14) 26... fxg6 27. Rd6 Rc8 28. Rd7 {And now Be5 would win.} Bc6 29. Re7 {Hoping for Be5.} Re8 30. Rxe8+ Bxe8 $11 {[%mdl 4096] Endgame KBN-KBN} 31. a3 Kf7 32. Be5 Nb1 33. Nc2 Nd2+ $1 34. Ke2 Nc4 35. Bd4 h5 36. Nb4 g5 37. c6 Ke6 38. Bxg7 Kd6 39. Bh6 Bxc6 {The position is equal.} 40. Bxg5 Nxa3 41. Ke3 Nc4+ 42. Kd4 {With the idea Bf4+.} Bb7 43. Nc2 Nb2 44. Bf4+ Ke6 45. Be3 Nd3 46. f3 {Accuracy: White = 91%, Black = 89%.} 1/2-1/2

[Event "18th Aeroflot Open-A 2020"]
[Site "Moscow"]
[Date "2020.02.26"]
[Round "8.9"]
[White "Indjic, Aleksandar"]
[Black "Shimanov, Aleksandr"]
[Result "0-1"]
[WhiteElo "2622"]
[BlackElo "2587"]
[Annotator "TA"]
[PlyCount "114"]
[EventDate "2020.02.19"]
[EventType "swiss"]
[EventCountry "RUS"]
[SourceTitle "playchess.com"]
[Source "ChessBase"]
[SourceQuality "1"]

{[%evp 21,114,20,17,1,10,-26,-18,-6,-13,-50,-37,-40,-15,-18,-14,-34,25,36,29,43,33,0,0,0,-4,0,0,0,-28,-15,110,33,38,30,29,37,29,46,29,29,29,29,33,31,32,32,26,0,0,0,0,0,0,-30,-29,-50,-10,-93,-23,-30,-21,-30,0,0,0,0,0,0,0,-85,-86,-97,-81,-699,-696,-832,-847,-1441,-1197,-1304,-1300,-5812,-2951,-12840,-12840,-12841,-12841,-12841,-12842,-12842,-12843,-12843,-12843,-12844,-12844]} 1. d4 Nf6 2. c4 g6 3. Nc3 Bg7 4. Nf3 d6 5. e4 O-O 6. Be2 e5 7. O-O Nc6 8. d5 Ne7 9. b4 Nh5 10. g3 f5 11. Ng5 Nf6 12. Bf3 {E97: King's Indian: Classical Main Line (6...e5 7 0-0 Nc6): 8 Be3 and 8 d5 Ne7, not 9 Ne1.} c6 {[#]} 13. dxc6 $146 ({Predecessor:} 13. Bg2 h6 14. Ne6 Bxe6 15. dxe6 Nxe4 16. Nxe4 fxe4 17. b5 Rf6 18. Bxe4 Rxe6 19. Qa4 d5 {1-0 (29) Kramnik,V (2801)-Grischuk,A (2761) Moscow 2012}) 13... bxc6 14. exf5 {The position is equal.} gxf5 15. b5 h6 $1 {[%cal Rh6g5]} 16. Nh3 Be6 {And now ...Ne4 would win.} 17. bxc6 Bxc4 18. Re1 Qc7 (18... d5 $15 19. Ba3 Nxc6) 19. Ba3 $11 Rfd8 $1 20. Qa4 $36 {[%mdl 2048] White is more active.} d5 21. Nf4 {Hoping for Ne6.} (21. Bxe7 $5 Qxe7 22. Rac1 $11) 21... Nxc6 22. Ne6 {[%mdl 64] Double Attack} Qd7 23. Nxd8 Rxd8 24. Be2 Bxe2 25. Nxe2 Ne4 (25... f4 $11 26. Qb3 (26. gxf4 Qg4+ 27. Ng3 Nd4 $17) 26... fxg3 27. Qxg3 (27. hxg3 Na5 $17) 27... Kh8) 26. Rec1 (26. Rac1 $16 Nd4 27. Qxd7 Nf3+ {[%mdl 64] Double Attack} 28. Kh1 Rxd7 29. Rc8+ Kh7 30. Rec1) 26... Nd4 $14 27. Qxd7 Nxe2+ 28. Kf1 N2xg3+ 29. hxg3 Rxd7 30. Rc8+ Kf7 31. Rac1 Nd2+ $1 32. Ke2 {[%mdl 1024] White has compensation.} Nc4 33. Bc5 e4 34. Rd1 Nb2 35. Rb1 d4 36. Ba3 Na4 {White must now prevent ...Nc3+.} 37. Kd2 Nc3 38. Rb3 Bf6 39. Rcb8 {[#]} (39. Ke1 $11) 39... Bg5+ ({Of course not} 39... Nxa2 $6 40. R3b7 $11) (39... Kg6 $1 $17 40. R3b7 Rd5) 40. Ke1 $1 $11 Kg6 41. Bb2 $1 Nxa2 42. R3b7 Rd5 43. Rxa7 Nc3 44. Rc7 Na4 45. Bc1 {[#]} (45. Ba3 $1 $11 {keeps the balance.}) 45... Kh5 $1 $17 46. Rg8 Kg4 {aiming for ...Kf3.} 47. Rc4 $2 {[%mdl 8192] This move loses the game for White.} (47. Kf1 $17) 47... Nc5 $19 {Black is clearly winning.} 48. Bxg5 hxg5 {[%mdl 4096] Endgame KRR-KRN} 49. Rc8 Nd3+ 50. Ke2 Ne5 51. R4c5 d3+ 52. Kd1 Rxc5 53. Rxc5 Nf3 54. Rd5 Kh3 55. Ra5 Kg2 56. Ra2 Kf1 57. Rb2 d2 {Accuracy: White = 56%, Black = 81%.} 0-1

[Event "18th Aeroflot Open-A 2020"]
[Site "Moscow"]
[Date "2020.02.26"]
[Round "8.10"]
[White "Idani, Pouya"]
[Black "Zhou, Jianchao"]
[Result "1/2-1/2"]
[WhiteElo "2577"]
[BlackElo "2622"]
[Annotator "TA"]
[PlyCount "85"]
[EventDate "2020.02.19"]
[EventType "swiss"]
[EventCountry "RUS"]
[SourceTitle "playchess.com"]
[Source "ChessBase"]
[SourceQuality "1"]

{[%evp 13,85,5,14,0,0,0,0,0,0,0,0,0,0,0,0,-2,49,49,45,33,52,45,51,38,80,70,53,62,47,50,53,58,52,52,39,48,48,45,68,69,59,63,56,66,133,122,81,69,79,66,65,0,76,0,58,62,68,62,64,0,3,10,10,0,8,6,34,19,19,18,62,-8,0,0]} 1. e4 c5 2. Nf3 d6 3. d4 cxd4 4. Nxd4 Nf6 5. Nc3 a6 6. Be3 e5 7. Nf3 Be7 8. Nd2 {B90: Sicilian Najdorf: Unusual White 6th moves, 6 Be3 Ng4 and 6 Be3 e5.} b5 9. a4 b4 10. Nd5 Nxd5 11. exd5 Nd7 12. a5 O-O 13. Nc4 f5 14. f3 {[#]} Bg5 $146 ({Black should play} 14... Rb8 $11) ({Predecessor:} 14... Nf6 15. Be2 Qe8 16. f4 Bb7 17. Nb6 Rd8 18. O-O Ne4 19. Ra4 exf4 20. Bxf4 b3 21. cxb3 {½-½ (38) Smirnov,A (2604)-Keymer,V (2527) Wijk aan Zee 2020}) 15. Bxg5 $14 Qxg5 16. Qd2 Qxd2+ 17. Kxd2 Rd8 18. Nxd6 Nf6 19. Nc4 Rxd5+ 20. Kc1 {[#] And now Nb6 would win.} Rb8 21. Nb6 Rc5 22. Bc4+ Kf8 {White should prevent ...Rxb6!} 23. b3 $36 {[%mdl 2048] White has the initiative.} Bb7 24. Rd1 Ke7 25. Kb2 Rd8 26. Rxd8 Kxd8 27. c3 bxc3+ 28. Kxc3 f4 (28... Kc7 $14) 29. Rd1+ Ke7 30. Kb4 Rc7 31. Re1 Kd6 32. Rd1+ Ke7 33. Re1 Kd6 34. Bd3 e4 35. Nc4+ Ke6 36. Bxe4 ({Better is} 36. fxe4 $14 g5 37. Bc2) 36... Bxe4 $11 37. fxe4 $14 {[%mdl 4096] Endgame KRN-KRN} g5 38. h3 h5 39. Kc3 Rd7 40. Nb2 Rc7+ 41. Kd2 Nd7 42. e5 (42. b4 $1 $14) 42... Rc5 $11 43. b4 {Accuracy: White = 92%, Black = 82%.} 1/2-1/2

[Event "18th Aeroflot Open-A 2020"]
[Site "Moscow"]
[Date "2020.02.26"]
[Round "8.11"]
[White "Sargsyan, Shant"]
[Black "Artemiev, Vladislav"]
[Result "1/2-1/2"]
[WhiteElo "2594"]
[BlackElo "2728"]
[Annotator "TA"]
[PlyCount "90"]
[EventDate "2020.02.19"]
[EventType "swiss"]
[EventCountry "RUS"]
[SourceTitle "playchess.com"]
[Source "ChessBase"]
[SourceQuality "1"]

{[%evp 19,90,32,12,20,26,32,25,21,36,1,18,19,19,14,11,11,14,10,9,6,12,12,7,7,22,7,21,8,12,13,37,24,66,62,67,67,108,106,102,102,100,87,85,52,51,28,28,28,28,0,0,0,0,0,0,0,0,0,0,0,0,0,0,0,0,0,0,0,0,0,0,0,0]} 1. Nf3 Nf6 2. c4 g6 3. Nc3 d5 4. cxd5 Nxd5 5. Qb3 Nb6 6. d4 Bg7 7. e4 O-O 8. Be3 Bg4 9. Rd1 {[%cal Ba1d1,Bd1d5,Bd5b5][%mdl 32]} Bxf3 10. gxf3 e6 11. d5 {D99: Grünfeld: Russian System: 7 e4 Bg4 8 Be3 Nfd7 9 Qb3.} exd5 12. Nxd5 Nxd5 13. Rxd5 {White has an edge.} Qf6 $1 14. Bg2 Qxb2 15. Qxb2 Bxb2 16. Rb5 Bc3+ 17. Ke2 b6 18. Rc1 Ba5 19. Bh6 Rd8 20. Rxc7 Na6 $132 {[%mdl 2048] Black is fighting back} 21. Rc4 Rdc8 22. Rxc8+ $1 Rxc8 {[#]} 23. Rd5 $146 ({Predecessor:} 23. Re5 Bc3 24. Re7 Ra8 25. Be3 Kf8 26. Rd7 Nc5 27. Rd5 Rc8 28. f4 {½-½ (37) Van Gysel,M (2125)-Ederer,K (2183) LSS email 2011}) 23... b5 24. Re5 Nc7 25. Bh3 Re8 26. Rxe8+ Nxe8 $14 {[%mdl 4096] Endgame KBB-KBN} 27. Be3 Bb6 28. Bxb6 axb6 $16 {KB-KN} 29. Kd3 Kf8 30. Kc3 Ke7 31. Kb4 Nc7 32. e5 g5 33. Bf5 h6 34. Bc8 f6 {The position is equal.} 35. exf6+ Kxf6 36. Bd7 Nd5+ 37. Kxb5 {[#] aiming for a4.} Nc3+ 38. Kxb6 Nxa2 39. Kc5 Ke5 40. Kc4 Kf4 41. Bg4 Nc1 42. h3 Ne2 43. Kd5 Ng1 44. Ke6 Nxf3 45. Bxf3 Kxf3 {Accuracy: White = 91%, Black = 92%.} 1/2-1/2